Villes aléatoires commençant par la lettre B - Statistiques

Statistiques générales
  • Ce quiz a été pris 214 fois
  • Le résultat moyen est 11 sur 15
Statistiques - réponses
Pays B-ville % Correct
Allemagne Berlin
96%
Espagne Barcelone
92%
France Bordeaux
90%
Argentine Buenos Aires
89%
Hongrie Budapest
87%
Thailande Bangkok
85%
Liban Beyrouth
85%
Mali Bamako
84%
Colombie Bogota
83%
Irak Bagdad
78%
Italie Bologne
75%
Royaume-Uni Birmingham
68%
Australie Brisbane
59%
Inde Bangalore
39%
Norvège Bergen
39%
Aucun quiz correspondant
Distribution des résultats
% des personnes avec chaque résultat
Percentile par nombre de réponses
Votre historique - résultats
Vous n’avez pas pris ce quiz